000 00995nac a22003011i 4500
003 EG-ScBUE
005 20241031084248.0
008 241031t2005 njua f 001 0 eng d
020 _a0131298496 (pbk.)
020 _a9780131298491
040 _aEG-ScBUE
_beng
_erda
_cEG-ScBUE
_dEG-ScBUE
082 0 4 _a519.2
_bGHA
_222
100 1 _aGhahramani, Saeed,
_eauthor.
245 _aFundamentals of probability :
_bwith stochastic processes /
_cSaeed Ghahramani, Western New England College.
250 _aThird edition.
250 _aInternational edition.
264 1 _aUpper Saddle River, N.J. :
_bPearson Education International,
_c[2005]
264 4 _cc2005
300 _axvii, 654 pages :
_billustrations ;
_c24 cm
336 _2rdacontent
_atext
_btxt
337 _aunmediated
_2rdamedia
_bn
338 _avolume
_bnc
_2rdacarrier
500 _aPrevious ed.: 2000.
500 _aIncludes index.
650 7 _aProbabilities.
_2BUEsh
655 _vReading book
942 _cBB
_2ddc
999 _c1304
_d1304